[Event "Berlin-ch U18 final"]
[Site "Berlin"]
[Date "2008.01.07"]
[Round "2.5"]
[White "Karunaharamoorthy, Achudhan"]
[Black "Fieger, Arthur"]
[Result "1-0"]
[WhiteElo "1877"]
[BlackElo "1265"]
[PlyCount "43"]
[EventDate "2008.01.06"]
[EventType "swiss"]
[EventRounds "7"]
[EventCountry "GER"]
[SourceTitle "EXT 2022"]
[Source "ChessBase"]
[SourceDate "2021.10.06"]
[SourceVersion "1"]
[SourceVersionDate "2021.10.06"]
[SourceQuality "1"]

1. d4 d5 2. c4 c6 3. Nf3 Nf6 4. Nc3 e6 5. e3 Be7 6. Bd3 dxc4 7. Bxc4 b5 8. Bd3 0-0 9. 0-0 Bb7 10. Re1 Nbd7 11. e4 a6 12. Bf4 Nb6 13. Qc2 h6 14. Rad1 Nh5 15. Be3 Nf6 16. Ne5 Qc7 17. Nf3 Rad8 18. a3 c5 19. dxc5 Bxc5 20. Nxb5 axb5 21. Qxc5 Qxc5 22. Bxc5 1-0